Earthquake displacement fields and the rotation of the earth (Record no. 5624)

MARC details
000 -LEADER
fixed length control field 00714nam a2200229Ia 4500
003 - CONTROL NUMBER IDENTIFIER
control field IN-BaIIA
008 - FIXED-LENGTH DATA ELEMENTS--GENERAL INFORMATION
fixed length control field 211028s9999 xx 000 0 eng d
020 ## - INTERNATIONAL STANDARD BOOK NUMBER
International Standard Book Number 90-277-0159-8
040 ## - CATALOGING SOURCE
Transcribing agency IIA Library
080 ## - UNIVERSAL DECIMAL CLASSIFICATION NUMBER
Universal Decimal Classification number 52(082.1)
Item number ASS-20
245 #0 - TITLE STATEMENT
Title Earthquake displacement fields and the rotation of the earth
Statement of responsibility, etc. Edited by Mansinha, L., Smylie, D. E. And Beck, A.E. 
260 ## - PUBLICATION, DISTRIBUTION, ETC.
Place of publication, distribution, etc. Dordrecht
Name of publisher, distributor, etc. D. Reidel Publishing
Date of publication, distribution, etc. 1970
300 ## - PHYSICAL DESCRIPTION
Extent [various pagings.]
650 ## - SUBJECT ADDED ENTRY--TOPICAL TERM
Topical term or geographic name entry element Astronomy and astrophysics thesaurus
650 ## - SUBJECT ADDED ENTRY--TOPICAL TERM
Topical term or geographic name entry element Earth
650 ## - SUBJECT ADDED ENTRY--TOPICAL TERM
Topical term or geographic name entry element Planets
9 (RLIN) 971
650 ## - SUBJECT ADDED ENTRY--TOPICAL TERM
Topical term or geographic name entry element Solar system
700 ## - ADDED ENTRY--PERSONAL NAME
Personal name Beck, A. E., ed.
9 (RLIN) 9761
700 ## - ADDED ENTRY--PERSONAL NAME
Personal name Mansinha, L., ed.
9 (RLIN) 9762
700 ## - ADDED ENTRY--PERSONAL NAME
Personal name Smylie, D. E., ed.
9 (RLIN) 9763
942 ## - ADDED ENTRY ELEMENTS (KOHA)
Koha item type Books
Holdings
Withdrawn status Lost status Damaged status Not for loan Home library Current library Shelving location Date acquired Total Checkouts Full call number Barcode Date last seen Price effective from Koha item type
        IIA Library-Bangalore IIA Library-Bangalore General Stacks 19/11/1977   52(082.1)/ ASS-20 6293 05/11/2021 19/11/1977 Books

Powered by Koha